000 00276nam a2200097Ia 4500
001 652773
005 20250826154445.0
008 250824s9999 xx 000 0 und d
245 0 _aGORİOT BABA ANTİK OKUL KLASİKLERİ
_cHONORE DE BALZAC
260 _bANTİK DÜNYA KLASİKLERİ
999 _c652773
_d652773